000
00301nam a2200121Ia 4500
008
190216s9999||||xx |||||||||||||| ||und||
100
_a
George W Housner And Donald
245
0
_a
Applied Mechanics Dyanmics
260
_b
D -van Nostrand Co.
_c
1961
300
_a
392p
650
_a
Physics
942
_c
BK
999
_c
32710
_d
32710